Nutty Knights 2, Sounds Like Sir! Quiz Stats

 Plays Quiz not verified by Sporcle

Challenge
Share
Tweet
Embed
Score 0/30 Timer 08:00
0 Plays Today
Definition Knight % Correct
This knight is doing anything it takes to liveSir Vive
80%
This knight can be found on pancakes and wafflesSir Up
78.9%
This knight is looking for somethingSir Ching
78.9%
This knight is browsing the WebSir Fing
78.7%
This knight is a substitute for a natural motherSir Rogate
78.3%
This knight has more than he needsSir Plus
76.4%
This knight is an electrical pathSir Cuit
75.3%
This knight is an invasive medical procedureSir Gery
73%
This knight asks questions to obtain demographic informationSir Vey
69.2%
This knight imposes an additional costSir Charge
67.9%
This knight will sail right around the worldSir Cumnavigate
61.6%
This knight will overtake his master in skillSir Pass
46.6%
This knight has the same name as hockey's Fedorov or cinema's EisensteinSir Gei
42.2%
This knight is winding, like a snakeSir Pentine
41.4%
This knight will encircle youSir Round
39.7%
Definition Knight % Correct
This knight assassinated Robert KennedySir Han Sirhan
37.8%
This knight is giving an unexpected overload of electrical powerSir Ging
35.2%
This knight uses discreet means to spy on othersSir Veillance
28.3%
This knight is an African wild catSir Val
27.8%
This knight lives a bizarre lifestyleSir Real
26.8%
This knight has an accent that looks like a pointy hatSir Cumflex
23.6%
This knight will guarantee it!Sir Tify
23.4%
This knight performs furtive deedsSir Reptitious
23.2%
This knight selflessly provides assistanceSir Vice
22.2%
This knight makes things out of claySir Amics
20.9%
This knight talks in circlesSir Cumlocution
18.1%
This knight uses evidence based on suppositionsSir Cumstantial
15.6%
This knight sang 'Wipeout' (and also about his friend 'Sir Fer Joe')Sir Faris
14.8%
This knight works for the French policeSir Eté
8.6%
This knight joined with Tripolitania to form the Kingdom of LibyaSir Enaica
7.8%

You're not logged in!

Compare scores with friends on all Sporcle quizzes.
Join for Free
OR
Log In

You Might Also Like...

Show Comments

Extras

Top Quizzes Today


Score Distribution

Your Account Isn't Verified!

In order to create a playlist on Sporcle, you need to verify the email address you used during registration. Go to your Sporcle Settings to finish the process.

Report this User

Report this user for behavior that violates our Community Guidelines.

Details: